| 000 | 01003cam a2200217 4500 | ||
|---|---|---|---|
| 001 | ##L134229 | ||
| 008 | 060718n2006 000 0 eng u | ||
| 035 | _a(Sirsi) u134229 | ||
| 041 | 0 | _aeng | |
| 050 | 0 | 4 | _a333.33 $2 18 |
| 110 | 2 | _aRightmove | |
| 245 | 0 | 4 |
_aThe Rightmove house price index _bJuly edition |
| 260 |
_aLondon _bRightmove _c2006 |
||
| 490 | 0 |
_aRightmove House Price Index _v17 July 2006 |
|
| 520 | _aShows trends in asking prices up to 8 July 2006. The average property asking price moved up in July by 2.9% to £217 580, the largest percentage increase since March 2004. Prices in southeast England showed a staggering rise of 4.7% in July. Year on year growth in asking prices has reached 10.6%. | ||
| 590 | 2 | 4 | _aRIGHTMOVE HOUSE PRICE INDEX |
| 651 | 4 |
_aEngland and Wales _y1543- |
|
| 690 | _aPROPERTY-RESIDENTIAL PROPERTY-RESIDENTIAL PROPERTY MARKET | ||
| 856 | 4 | 0 |
_uhttps://www.rightmove.co.uk _zView the house price index free of charge at www.rightmove.co.uk... |
| 942 | _n0 | ||
| 999 |
_c105604 _d105604 |
||